BTS Song Lyrics - Click Quiz #3 - Statistics

General Stats
  • This quiz has been taken 40 times
  • The average score is 12 of 20
Answer Stats
Hint Answer % Correct
I need the whole stadium to jump Body to Body
88%
You got the ____ __ __ Best Of Me
82%
Club go psycho, might take you viral FYA
79%
You got me, 난 너를 보며 꿈을 꿔, I got you Mikrokosmos
79%
Lonely, lonely, lonely whale Whalien 52
79%
From the 가나 to the 하, 우리 보고 배워놔, yeah, we ______ Aliens
76%
Peaches and cream, sweeter than sweet, Chocolate cheeks and chocolate wings Blood Sweat & Tears
76%
Higher than higher than higher than the sky Interlude: Wings
67%
I love (I love), I love (I love), I love myself (self) BTS Cypher 4
61%
(Ooh-ooh) and you gonna be happy Zero O'Clock
58%
I just wanna know, know, know Let Me Know
55%
Zzz, don't wake me up One More Night
55%
Can't you see the ____ ___? Stories unfolding just for you Take Two
55%
I just wanna be happier Blue & Grey
52%
Please give me a remedy Jamais Vu
52%
I'm on my knees (on my knees), 함께해 줘 나의 worst day Please
52%
Just let me love you (let me love, let me love you) Serendipity
42%
No way, no way, no way, 쓰러져 House of Cards
36%
Stop runnin' for nothin' my friend Paradise
33%
You're my, you're my ____ (yeah) Outro: Tear
27%
No matching quizzes found
Score Distribution
Percent of People with Each Score
Percentile by Number Answered
Your Score History
You have not taken this quiz